00716cam a2200193 a 4500001000800000005001700008008004100025010001700066020001500083050002300098245007800121260005400199300004000253500008500293504005200378650004800430700001800478710002600496212840920170204121855.0971003s1997 wiua bc 000 0 eng  a 97073989  a094411057600aNB1270 .G4R43 199700aRecent glass sculpture :ba union of ideas /cAudrey Mann, guest curator. aMilwaukee, Wis. :bMilwaukee Art Museum,c[1997?] a39 p. :bill. (some col.) ;c26 cm. aCatalog of an exhibition held at the Milwaukee Art Museum, Sept. 5-Nov. 2, 1997. aIncludes bibliographical references (p. 38-39). 0aGlass sculpturey20th centuryxExhibitions.1 aMann, Audrey.2 aMilwaukee Art Museum.